Štrukturovaný prístup k oceňovaniu rizika využitie fuzy logiky
Ohodnotenie rizika je mimoriadne dôležité pri investíciách do tzv. nových trhov. Vzniká ďalší druh rizika, tzv. riziko faktickej moci podnikov (CGR - riziko). Meranie rizika faktickej moci podnikov s využitím fuzy logiky.
Enregistré dans:
| Auteur principal: | |
|---|---|
| Autres auteurs: | |
| Format: | Chapitre de livre |
| Langue: | slovaque anglais |
| Sujets: | |
| Tags: |
Pas de tags, Soyez le premier à ajouter un tag!
|
MARC
| LEADER | 00000naa a2200000 4500 | ||
|---|---|---|---|
| 001 | r041840 | ||
| 005 | 20220315132202.2 | ||
| 041 | 0 | |a slo | |
| 041 | 0 | |a eng | |
| 044 | |a SK | ||
| 245 | 1 | 0 | |a Štrukturovaný prístup k oceňovaniu rizika |b využitie fuzy logiky |c Vincent Šoltés, Vladimír Penjak |
| 520 | |a Ohodnotenie rizika je mimoriadne dôležité pri investíciách do tzv. nových trhov. Vzniká ďalší druh rizika, tzv. riziko faktickej moci podnikov (CGR - riziko). Meranie rizika faktickej moci podnikov s využitím fuzy logiky. | ||
| 610 | 2 | 0 | |a riziko |
| 610 | 2 | 0 | |a oceňovanie |
| 610 | 2 | 0 | |a pojmy |
| 610 | 2 | 0 | |a logika |
| 610 | 2 | 0 | |a podnik |
| 100 | 1 | |a Šoltés, Vincent | |
| 700 | 1 | |a Penjak, Vladimír | |